00350nam a2200133Ia 4500008004100000041000800041082001500049100001900064245004500083250000700128260004200135300003000177365000900207240624s9999 xx 000 0 und d aeng a658.15 SAG aSAGNER JAMES S aESSENTIALS OF WORKING CAPITAL MANAGEMENT a11 c2011aNew JerseybJohn Wiley and Sons axv, : 272 : p. : cm. ; 22 cb27